00332 2200133 4500245004600000250001000046100002300056650002000079005001900099260003400118041001400152300002300166336000900189 a98 Punya CeritacNaifah Nisa AzaliahText aCet.1 aNaifah Nisa Azalia aFiksi Indonesia a20240925093347 aBogorbPerum Bukit golfc2021 aIndonesia a137 halaman 20cm : atext